Villes de France en images par lettre - V - Statistiques

Statistiques générales
  • Ce quiz a été pris 164 fois
    62 depuis la dernière actualisation
  • Le résultat moyen est 6 sur 18
Statistiques - réponses
Par images Hint Réponse % Correct
Île-de-France Versailles
100%
Bretagne Vannes
78%
Grand-Est Verdun
57%
Auvergne-Rhône-Alpes Vichy
53%
Auvergne-Rhône-Alpes Valence
48%
Hauts-de-France Valenciennes
48%
Auvergne-Rhône-Alpes Villeurbanne
48%
Auvergne-Rhône-Alpes Vienne
29%
Bourgogne-Franche-Comté Vesoul
28%
Bretagne Vitré
26%
Île-de-France Vincennes
24%
Île-de-France Vitry-sur-Seine
16%
Hauts-de-France Villeneuve-d'Ascq
14%
Centre-Val de Loire Vendôme
10%
Normandie Vire-Normandie
7%
Occitanie Villefranche-de-Rouergue
3%
Nouvelle-Aquitaine Villeneuve-sur-Lot
3%
PACA Vitrolles
3%
Aucun quiz correspondant
Distribution des résultats
% des personnes avec chaque résultat
Percentile par nombre de réponses
Votre historique - résultats
Vous n’avez pas pris ce quiz depuis la dernière actualisation